• 首页
  • 本馆介绍
  • 公告通知
  • 最新文献
  • 馆藏检索
  • 电子资源
  • 读者导购
  • 参考咨询
  • 我的图书馆
  • 登录
  • 详细信息显示
  • 放入我的书架
  • 预约/预借图书
  • 作者相关作品
  • 分类相关作品
  • 丛书相关作品
  • 出版社相关作品

书目信息

  • 表格格式
  • 工作单格式
  • 卡片格式
题名:
黄金投资实战指南
    
 
作者: 刘斌 著
分册:  
出版信息: 广州   广东经济出版社  2015
页数: 171页
开本: 23cm
丛书名:
单 册:
中图分类: F830.94
科图分类:
主题词: 黄金市场--投资--基本知识
电子资源:
ISBN: 978-7-5454-3737-9
000 00820nam0 2200217 450
001 2352695925
005 20231129143830.07
010    @a978-7-5454-3737-9@dCNY28.00
100    @a20150712d2015 em y0chiy50 ea
101 0  @achi
102    @aCN@b440000
105    @ay z 000yy
200 1  @a黄金投资实战指南@Ahuang jin tou zi shi zhan zhi nan@f刘斌著
210    @a广州@c广东经济出版社@d2015
215    @a171页@d23cm
330    @a本书主要是向公众介绍黄金是怎样的投资品种,怎样去投资黄金,以及国际金价运行的一些基本规律。作者希望通过自已的努力,为让公众了解黄金这个投资品种,以及如何通过书中所学提高黄金投资技巧,用最实用的方式实现黄金投资良好收益。
606 0  @a黄金市场@x投资@x基本知识
690    @aF830.94@v5
701  0 @a刘斌@Aliu bin@c(黄金交易)@4著
801  0 @aCN@b山东中教@c20231126
905    @aBZT@dF830.94@e5
    
    黄金投资实战指南/刘斌著.-广州:广东经济出版社,2015
    171页;23cm
    
    
    ISBN 978-7-5454-3737-9:CNY28.00
    本书主要是向公众介绍黄金是怎样的投资品种,怎样去投资黄金,以及国际金价运行的一些基本规律。作者希望通过自已的努力,为让公众了解黄金这个投资品种,以及如何通过书中所学提高黄金投资技巧,用最实用的方式实现黄金投资良好收益。
●
相关链接 在五车中查询图书 在当当中查询图书 在豆瓣中查询图书


正题名:黄金投资实战指南     索取号:F830.94/5         预约/预借

序号 登录号 条形码 馆藏地/架位号 状态 备注
1 2001194177   2001194177   中教(第二批第二书库)/山东中教(第二批)/276/ [索取号:F830.94/5] 在馆    
2 2001194178   2001194178   中教(第二批第二书库)/山东中教(第二批)/276/ [索取号:F830.94/5] 在馆    
3 2001194179   2001194179   中教(第二批第二书库)/山东中教(第二批)/276/ [索取号:F830.94/5] 在馆    
4 2001194180   2001194180   中教(第二批第二书库)/山东中教(第二批)/276/ [索取号:F830.94/5] 在馆    
5 2001194181   2001194181   中教(第二批第二书库)/山东中教(第二批)/276/ [索取号:F830.94/5] 在馆    
6 2001194182   2001194182   中教(第二批第二书库)/山东中教(第二批)/276/ [索取号:F830.94/5] 在馆    
7 2001194183   2001194183   中教(第二批第二书库)/山东中教(第二批)/276/ [索取号:F830.94/5] 在馆    
8 2001194184   2001194184   中教(第二批第二书库)/山东中教(第二批)/276/ [索取号:F830.94/5] 在馆    
9 2001194185   2001194185   中教(第二批第二书库)/山东中教(第二批)/276/ [索取号:F830.94/5] 在馆    
10 2001194186   2001194186   中教(第二批第二书库)/山东中教(第二批)/276/ [索取号:F830.94/5] 在馆    
11 2001194187   2001194187   中教(第二批第二书库)/山东中教(第二批)/276/ [索取号:F830.94/5] 在馆    
12 2001194188   2001194188   中教(第二批第二书库)/山东中教(第二批)/276/ [索取号:F830.94/5] 在馆    
13 2001194189   2001194189   中教(第二批第二书库)/山东中教(第二批)/276/ [索取号:F830.94/5] 在馆    
14 2001194190   2001194190   中教(第二批第二书库)/山东中教(第二批)/276/ [索取号:F830.94/5] 在馆    
15 2001194191   2001194191   中教(第二批第二书库)/山东中教(第二批)/276/ [索取号:F830.94/5] 在馆    
16 2001194192   2001194192   中教(第二批第二书库)/山东中教(第二批)/276/ [索取号:F830.94/5] 在馆    
17 2001194193   2001194193   中教(第二批第二书库)/山东中教(第二批)/276/ [索取号:F830.94/5] 在馆    
18 2001194194   2001194194   中教(第二批第二书库)/山东中教(第二批)/276/ [索取号:F830.94/5] 在馆    
19 2001194195   2001194195   中教(第二批第二书库)/山东中教(第二批)/276/ [索取号:F830.94/5] 在馆    
20 2001194196   2001194196   中教(第二批第二书库)/山东中教(第二批)/276/ [索取号:F830.94/5] 在馆    
21 2001194197   2001194197   中教(第二批第二书库)/山东中教(第二批)/276/ [索取号:F830.94/5] 在馆    
22 2001194198   2001194198   中教(第二批第二书库)/山东中教(第二批)/276/ [索取号:F830.94/5] 在馆    
23 2001194199   2001194199   中教(第二批第二书库)/山东中教(第二批)/276/ [索取号:F830.94/5] 在馆    
24 2001194200   2001194200   中教(第二批第二书库)/山东中教(第二批)/276/ [索取号:F830.94/5] 在馆    
25 2001194201   2001194201   中教(第二批第二书库)/山东中教(第二批)/276/ [索取号:F830.94/5] 在馆    
26 2001194202   2001194202   中教(第二批第二书库)/山东中教(第二批)/276/ [索取号:F830.94/5] 在馆    
27 2001194203   2001194203   中教(第二批第二书库)/山东中教(第二批)/276/ [索取号:F830.94/5] 在馆    
28 2001194204   2001194204   中教(第二批第二书库)/山东中教(第二批)/276/ [索取号:F830.94/5] 在馆    
29 2001194205   2001194205   中教(第二批第二书库)/山东中教(第二批)/276/ [索取号:F830.94/5] 在馆    
30 2001194206   2001194206   中教(第二批第二书库)/山东中教(第二批)/276/ [索取号:F830.94/5] 在馆    
山东省滨州职业学院图书馆 欢迎您!
大连网信软件有限公司© 版权所有